[Event "DEN-ch Kort 1-2"]
[Site "Svendborg"]
[Date "2019.04.14"]
[Round "2"]
[White "Hansen, Jorgen Frank"]
[Black "Hoyerup, Silas"]
[Result "0-1"]
[WhiteElo "1757"]
[BlackElo "1750"]
[PlyCount "90"]
[EventDate "2019.04.13"]
[EventType "swiss"]
[EventRounds "5"]
[EventCountry "DEN"]
[SourceTitle "EXT 2020"]
[Source "ChessBase"]
[SourceDate "2019.10.17"]
[SourceVersion "1"]
[SourceVersionDate "2019.10.17"]
[SourceQuality "1"]

1. e4 e5 2. Bc4 Nc6 3. Nf3 d6 4. h3 Be6 5. Bb3 Nf6 6. Nc3 h6 7. d3 Be7 8. Be3 a6 9. Nd5 Na5 10. Nxf6+ Bxf6 11. Bxe6 fxe6 12. Qd2 c5 13. c4 0-0 14. Rb1 Nc6 15. 0-0 b5 16. b3 b4 17. g4 Nd4 18. Bxd4 exd4 19. Qe2 e5 20. Kh2 Bg5 21. Nxg5 Qxg5 22. Rg1 Qf4+ 23. Kg2 Rf7 24. Rbf1 a5 25. Qd1 a4 26. Qe2 axb3 27. axb3 Rfa7 28. Rb1 Ra3 29. Rgd1 Ra2 30. Rb2 R2a7 31. Rdd2 Rf7 32. Ra2 Raf8 33. Qd1 Kh7 34. Qe2 Rf6 35. Qd1 R8f7 36. Qe2 g6 37. Rd1 h5 38. Rf1 Qf3+ 39. Qxf3 Rxf3 40. Rd2 hxg4 41. hxg4 Kh6 42. Rg1 Kg5 43. Kf1 R7f4 44. Ra2 Rxd3 45. Rb2 Rd1+ 0-1